000
00279nam a22001337a 4500
003
SGT
020
_a
9781913936457
082
_a
747
_b
VER
100
_a
VERMA DEEP SAGAR
245
_a
THE FASHION METAVERSE
260
_a
UK
_b
HP PUB
_c
2025
300
_a
174
942
_2
ddc
_c
BK
999
_c
34727
_d
34727